Marvel Quiz - Statistics

General Stats
  • This quiz has been taken 58 times
  • The average score is 10 of 15
Answer Stats
Hint Answer % Correct
Big angry man Hulk
98%
Owns Mjolnir Thor
98%
Ice Age Captain America
85%
God of Mischief Loki
83%
Kid Spiderman
83%
Black King Black Panther
81%
Robin Hood Hawkeye
81%
Doctor Doctor Strange
79%
"WHY IS GAMORA!?" Drax
69%
Bucky Barnes Winter Soldier
69%
Titan Thanos
65%
I can't feel you... Vision
48%
Mommy Black Widow
40%
Hag Agatha
13%
Red Head Wanda Maximoff
12%
No matching quizzes found
Score Distribution
Percent of People with Each Score
Percentile by Number Answered
Your Score History
You have not taken this quiz